000 00422nam a2200181Ia 4500
001 8461
005 20260306160611.0
008 260306t1966||||xx |||||||||||||| ||spa||
041 _aESP
082 _a371.1
_bB26
100 _aBassett, G. W.
_eAUT
245 0 _aDirectores para una escuela mejor
260 _c1966
300 _a126 páginas :
_c22 cm.
650 _aGEN
654 _aCED
942 _cLIB
_dJUS
_fJUS
_2ddc
_n
999 _c8461
_d8461